| 000 | 00531nam a2200205Ia 4500 | ||
|---|---|---|---|
| 005 | 20240318145504.0 | ||
| 008 | 131103s9999 xx 000 0 und d | ||
| 040 | _aLoreto College | ||
| 041 | _aEnglish | ||
| 082 |
_a150 _bCUR |
||
| 100 | _aCurtis, David | ||
| 245 |
_aLearn While You Sleep, _cDavid Curtis |
||
| 250 | _a the theory and practice of sleep learning | ||
| 260 |
_aNew York _bLIBRA _c1970 |
||
| 300 | _a126Pp | ||
| 504 | _aIncludes bibliography | ||
| 650 | _aPsychology | ||
| 850 | _aLCBED | ||
| 942 | _cBK | ||
| 999 |
_c26856 _d77335 |
||